Немецко-русский словарь (Запись № 1164815)

Подробности
000 -МАРКЕР
контрольное поле 01545nam0a2200373 4500
001 - ИДЕНТИФИКАТОР ЗАПИСИ
контрольное поле RU\NLR\bibl\809173
005 - ИДЕНТИФИКАТОР ВЕРСИИ
контрольное поле 20250614132253.0
010 ## - МЕЖДУНАРОДНЫЙ СТАНДАРТНЫЙ НОМЕР КНИГИ (ISBN)
Номер (ISBN) 5-88682-077-9
Тираж 5000
021 ## - НОМЕР ГОСУДАРСТВЕННОЙ РЕГИСТРАЦИИ
Код страны Российская Федерация
Номер 2005-6151
Номер Листа государственной регистраци 315
035 ## - ДРУГИЕ СИСТЕМНЫЕ НОМЕРА
Идентификатор записи RSL-KNO-002569621
035 ## - ДРУГИЕ СИСТЕМНЫЕ НОМЕРА
Идентификатор записи (NLR Aleph) 000798258
100 ## - ДАННЫЕ ОБЩЕЙ ОБРАБОТКИ
Данные общей обработки 20050216d2005 |||y0rusy50 ca
101 0# - ЯЗЫК РЕСУРСА
Язык текста, звукозаписи и т.д. русский
-- немецкий
102 ## - СТРАНА ПУБЛИКАЦИИ ИЛИ ПРОИЗВОДСТВА
Страна публикации Российская Федерация
105 ## - ПОЛЕ КОДИРОВАННЫХ ДАННЫХ: ТЕКСТОВЫЕ МАТЕРИАЛЫ, МОНОГРАФИЧЕСКИЕ
Кодированные данные о монографическом текстовом документе y |||||||||
106 ## - ПОЛЕ КОДИРОВАННЫХ ДАННЫХ: ТЕКСТОВЫЕ РЕСУРСЫ – ФОРМА
Форма ресурса: кодированные данные: обозначение носителя r
200 1# - ЗАГЛАВИЕ И СВЕДЕНИЯ ОБ ОТВЕТСТВЕННОСТИ
Основное заглавие Немецко-русский словарь
Сведения, относящиеся к заглавию 180000 слов и словосочетаний
Первые сведения об ответственности К. Блаттнер
205 ## - СВЕДЕНИЯ ОБ ИЗДАНИИ
Сведения об издании Соврем. ред.
210 ## - ПУБЛИКАЦИЯ, РАСПРОСТРАНЕНИЕ И ДР.
Место издания, распространения и т.д. М.
Имя издателя, распространителя и т. д. ЮНВЕС
Дата издания, распространения и т.д. 2005
Место изготовления Архангельск
Имя изготовителя ИПП Правда Севера
215 ## - ФИЗИЧЕСКАЯ ХАРАКТЕРИСТИКА
Специфическое обозначение материала и объем 712, [1] с.
Размеры 27
606 1# - НАИМЕНОВАНИЕ ТЕМЫ КАК ПРЕДМЕТ
Наименование темы Немецкий язык
Тематический подзаголовок Словари
-- Русский язык
Системный номер авторитетной/нормативной записи 1696762
Идентификатор авторитетной/нормативной записи RU\NLR\auth\66754878
610 0# - НЕКОНТРОЛИРУЕМЫЕ ПРЕДМЕТНЫЕ ТЕРМИНЫ
Предметный термин Филологические науки. Художественная литература -- Языкознание -- Индоевропейские языки -- Германские языки -- Западногерманские языки -- Немецкий язык -- Лексикография -- Параллельные словари
686 ## - ИНДЕКСЫ ДРУГИХ КЛАССИФИКАЦИЙ
Индекс Ш143.24-48
Код системы
686 ## - ИНДЕКСЫ ДРУГИХ КЛАССИФИКАЦИЙ
Индекс Ш143.24-481
686 ## - ИНДЕКСЫ ДРУГИХ КЛАССИФИКАЦИЙ
Индекс Ш141.12-482
700 #1 - ИМЯ ЛИЦА - ПЕРВИЧНАЯ ОТВЕТСТВЕННОСТЬ
Начальный элемент ввода Блаттнер
Часть имени, кроме начального элемента ввода К.
Расширение инициалов личного имени Карл
Код отношения Автор
801 #0 - ИСТОЧНИК ЗАПИСИ
Страна Российская Федерация
Организация RuMoRKP
Дата составления 20050216
Правила каталогизации rcr
801 #1 - ИСТОЧНИК ЗАПИСИ
Страна Российская Федерация
Организация RuMoRGB
Дата составления 20050216
801 #2 - ИСТОЧНИК ЗАПИСИ
Страна Российская Федерация
Организация NLR
Дата составления 20050614
Правила каталогизации PSBO
942 ## - ДОПОЛНИТЕЛЬНЫЕ ЭЛЕМЕНТЫ ЗАПИСИ (АБИС)
Тип экземпляра АБИС Книга
980 ## - КОЛЛЕКЦИЯ
Название коллекции Национальная библиография
Экземпляры
Тип экземпляра Дата поступления Источник поступления Библиотека постоянного хранения Библиотека текущего хранения Место хранения Шифр хранения Штрих-код Статус экземпляра Стоимость
Книга 14.06.2005 Обязательный экземпляр РНБ (Московский) РНБ (Московский) Центральная справочная библиотека С 2005-4/58 1-741470    
Книга 14.06.2005 Обязательный экземпляр РНБ (Московский) РНБ (Московский) Центральная справочная библиотека С 2005-4/58 1-741474    
Книга 14.02.2007 Покупка СТ РНБ (Московский) РНБ (Московский) Отдел обработки и каталогов   2363196   120.80
Книга 13.11.2006 Покупка РНБ (Фонтанка) РНБ (Фонтанка) Юношеский читальный зал Ю Ш143.24-4/Б-68 1-543626   242.28